00602 2200205 4500001002100000005001500021035002000036245010800056100002200164250000600186300003800192700001300230260004300243082001000286084001600296020002200312650002800334990001700362990001700379INLIS00000000000113620190503043505 a0010-05190000271 aPanduan Mengajarkan Sains :bMengenal Alam Bersama Anak-Anak /cInggrid Chalufour; Penerjemah, Renata P0 aInggrid Chalufour a- aviii, 247 hlm. :bilus. ;c25 cm.0 aRenata P aJakarta :bPT Gading Inti Prima,c2009 a371.3 a371.3 ING p a978-1-929610-38-9 aMetode Belajar Mengajar a04065/H/2018 a04066/H/2018